| 000 | 01094nam a2200301 i 4500 | ||
|---|---|---|---|
| 003 | EG-GICUC | ||
| 005 | 20260121101209.0 | ||
| 008 | 251111s1955 ua ||||fr|||| 00| 0 ara d | ||
| 040 |
_a EG-GICUC _bara _c EG-GICUC _d EG-GICUC _erda |
||
| 041 | 0 | _aara | |
| 082 | 0 | 4 |
_221 _a345 _bت و . م |
| 092 | 0 | 4 | _221 |
| 099 | _aLaw1 07 345 ت و . م 1 ed - 1955 | ||
| 100 | 0 |
_aتوفيق شحاتة _eمؤلف. |
|
| 245 | 1 | 0 |
_aمبادئ القانون الإداري. _bالجزء الأول / _cدكتور توفيق شحاتة. |
| 250 | _aالطبعة الأولى | ||
| 264 | 1 |
_aالقاهرة : _bدار النشر للجامعات المصرية، _c1955. |
|
| 300 |
_a856 ؛صفحة _c24 سم. |
||
| 336 |
_2rda content _atext |
||
| 337 |
_2rda media _aComputer |
||
| 338 |
_2rda carrier _aOnline Resource |
||
| 505 | _aالنظام الإداري - تنظيم الإدارة العامة - نشاطها - وسائلها - أساليبها | ||
| 650 | 1 | _2qrmak | |
| 651 | 1 | _2qrmak | |
| 856 | 4 | 0 | _uhttps://fll.law.cu.edu.eg/fulltext/bks/test.pdf |
| 905 | _a32 | ||
| 942 |
_2ddc _cBK _e21 _n0 |
||
| 999 |
_c42532 _d42532 |
||